Normal view
MARC view
- J. Audouze J. Tran Thanh Van
Entry Personal Name
001 - CONTROL NUMBER
- control field: 81130
003 - CONTROL NUMBER IDENTIFIER
- control field: NUST
005 - DATE AND TIME OF LATEST TRANSACTION
- control field: 20210802130212.0
008 - FIXED-LENGTH DATA ELEMENTS
- fixed length control field: 210802|| aca||aabn | a|a d
040 ## - CATALOGING SOURCE
- Original cataloging agency: NUST
- Transcribing agency: NUST
100 ## - HEADING--PERSONAL NAME
- Personal name: J. Audouze J. Tran Thanh Van
670 ## - SOURCE DATA FOUND
- Source citation: Work cat.: (NUST): J. Audouze J. Tran Thanh Van, Dark Matter
